BUBT Library Online Catalog

Acid politics Environmental and energy policies in Britain and germany (Record no. 832)

000 -LEADER
fixed length control field 00760nam a22002417a 4500
008 - FIXED-LENGTH DATA ELEMENTS--GENERAL INFORMATION
fixed length control field 131112b xxu||||| |||| 00| 0 eng d
020 ## - INTERNATIONAL STANDARD BOOK NUMBER
International Standard Book Number 1852933178
024 ## - OTHER STANDARD IDENTIFIER
Terms of availability Available
037 ## - SOURCE OF ACQUISITION
Terms of availability Available
040 ## - CATALOGING SOURCE
Original cataloging agency MBSTU LIBRARY
Modifying agency MBSTU LIBRARY
082 ## - DEWEY DECIMAL CLASSIFICATION NUMBER
Edition number 22
Classification number 363.7BOA
100 ## - MAIN ENTRY--PERSONAL NAME
Personal name Bochmer Sonya
245 ## - TITLE STATEMENT
Title Acid politics Environmental and energy policies in Britain and germany
260 ## - PUBLICATION, DISTRIBUTION, ETC. (IMPRINT)
Place of publication, distribution, etc. New York
Name of publisher, distributor, etc. Behhaven Press
Date of publication, distribution, etc. 1991
300 ## - PHYSICAL DESCRIPTION
Extent 22.5 cm.
Other physical details 296page
Type of unit 2
Size of unit 22.5 cm.
600 ## - SUBJECT ADDED ENTRY--PERSONAL NAME
Source of heading or term Environmental problems.
650 ## - SUBJECT ADDED ENTRY--TOPICAL TERM
Source of heading or term Environmental problems.
700 ## - ADDED ENTRY--PERSONAL NAME
Personal name Bochmer Sonya
270 ## - ADDRESS
Address New York
City New York
Country USA
365 ## - TRADE PRICE
Price amount 1762.00
Unit of pricing 1762.00
942 ## - ADDED ENTRY ELEMENTS (KOHA)
Source of classification or shelving scheme
Koha item type Books

No items available.

More Information About Library

Library Hours

  • Open: 9.00 am. to 9.00 pm.
  • Only Sunday: 9.00 am. to 6.00 pm.
  • Closed: Holiday

Contact to the University

Bangladesh University of Business and Technology Library

  • Mirpurl-2, 1216.
  • Phone:
  • Fax:
  • E-Mail: admin.library@bubt.edu.bd

Contact to the Library

Contact Person:

Md. Abdul Hakim Shah
Joint Librarian
PABX No:  113
Cell No: 01816332931
E-mail: official: admin.library@bubt.edu.bd
Personal: hakim.shah@bubt.edu.bd


BUBT Library

Copyright © 2021